| 000 | 00356nam a2200145Ia 4500 | ||
|---|---|---|---|
| 008 | 150201s1994 xx 000 0 und d | ||
| 082 |
_a617.692 _bR1994L |
||
| 100 | _aLECHNER | ||
| 245 | _aREMOVABLE PARTIAL PROSTHODONTICS | ||
| 250 | _a1ST | ||
| 260 |
_bWOLFE PUBLICATION _aLONDON _c1994 |
||
| 300 | _a1-160 | ||
| 650 | _aPROSTHODONTICS | ||
| 942 |
_2ddc _cBK |
||
| 999 |
_c4170 _d4170 |
||